000 00632nam a2200205 a 4500
001 ASIN0534197663
003 OSt
005 20170105102905.0
008 131021s2011 xxu eng d
020 _a0534197663 (paperback)
020 _a9780534197667 (paperback)
040 _aa
082 _a150.72
_bGRA 2011
100 1 _aGRAVETTER, FREDERICK J.
245 1 0 _aResearch methords for the behavioral sciences /
_cFREDERICK J. GRAVETTER.
260 _a[S.l.] :
_bTHOMSON LEARNING,
_c2011.
300 _a478 p.
856 4 0 _3Amazon.com
_uhttp://www.amazon.com/exec/obidos/ASIN/0534197663/chopaconline-20
942 _2ddc
_cBK
999 _c14808
_d14808